[Event "IECC M email"]
[Site "IECC email"]
[Date "1998.09.26"]
[Round "?"]
[White "Ventimiglia, Charles"]
[Black "Drake, Adam"]
[Result "1/2-1/2"]
[WhiteElo "1781"]
[BlackElo "1857"]
[PlyCount "55"]
[EventDate "1998.??.??"]
[EventType "tourn (corr)"]
[EventRounds "12"]
[SourceTitle "Corr 2008"]
[Source "ChessBase"]
[SourceDate "2008.06.24"]
[SourceVersion "1"]
[SourceVersionDate "2008.06.24"]
[SourceQuality "1"]

1. b4 d5 2. Bb2 Nf6 3. a3 e6 4. e3 c5 5. bxc5 Bxc5 6. d4 Be7 7. Nd2 a6 8. Ngf3 Nc6 9. c4 Bd7 10. Be2 0-0 11. 0-0 Qb6 12. Qc2 Rac8 13. Rac1 Ne8 14. e4 dxe4 15. Nxe4 f5 16. Ng3 Nf6 17. Rfd1 Rfd8 18. c5 Qc7 19. Bc4 Nd5 20. Nxf5 exf5 21. Bxd5+ Kh8 22. Re1 Bf6 23. Qb3 Re8 24. Bc3 Rxe1+ 25. Rxe1 Re8 26. Re3 Nd8 27. h3 Rxe3 28. fxe3 1/2-1/2